温泉むすめ 全楽曲 - Statistics

General Stats
  • This quiz has been taken 14 times
  • The average score is 32 of 53
Answer Stats
ユニット・ソロ アーティスト名 曲名 % Correct
ソロ 有馬楓花(CV.桑原由気) あ・り・ま・す・か?
83%
ユニット LUSH STAR☆ LUSH STAR☆
83%
ユニット SPRiNGS 未来イマジネーション!
75%
ユニット SPRiNGS 青春サイダー
75%
ユニット AKATSUKI 情熱のパラディソ
75%
ソロ 山代八咫(CV.星希成奏) 常しえの標
75%
ソロ 登別綾瀬(CV.日岡なつみ) 湯けむりトキメキゲーム
75%
ソロ 三朝歌蓮(CV.山根綺) きっとこころは
75%
ユニット SPRiNGS 70億分の9の奇跡
75%
ユニット SPRiNGS 純情-SAKURA-
75%
ユニット SPRiNGS おんくり
67%
ユニット しゃんぷーはっと ロマンスの林檎
67%
ユニット SPicA おはようジャポニカ
67%
ユニット Adhara イプシロン進化論
67%
ソロ 大手町梨稟(CV.楠木ともり) 願いキラキラきらり
67%
ソロ 草津結衣奈(CV.高田憂希)尖石内湾(CV.安齋由香里) 未来の彼方
67%
ソロ 飯坂真尋(CV.吉岡茉祐) アッツイ! 熱いぜ!!
67%
ソロ 飯坂真尋(CV.吉岡茉祐)松島名月(CV.永野愛理) 小野川小町(CV.村上奈津実) 涌遊スマイルパワー
67%
ソロ 豊富水由(CV.花井美春) 元気になあれ!
67%
ソロ 日中早百合(CV.春野杏) 予感のシグナル
67%
ユニット petit corolla ハミングDays
67%
ユニット AKATSUKI 暁のDiva
67%
ユニット AKATSUKI Hang out!!!
67%
ユニット AKATSUKI Never ending dream
67%
ソロ 大手町梨稟(CV.楠木ともり) Passionate Journey
67%
ユニット petit corolla Petit Etoile
67%
ソロ 黒川姫楽(CV.田中美海) シリウスのpirouette
67%
ユニット SPRiNGS さよなら花火
58%
ユニット Adhara 孤高のピエロ
58%
ユニット Adhara 星に集いし乙女の物語-プロローグ-
58%
ソロ 草津結衣奈(CV.高田憂希) キズナ結び・エン結び
58%
ソロ 奏・バーデン・由布院(CV.和多田美咲) ユメを抱いて生きてく私たち
58%
ソロ 塩原八弥(CV.澤田美晴) セカイはスキで動いてる!
58%
ソロ かみのやま庵(CV.進藤あまね) ココロコノママ
58%
ユニット SPRiNGS Ambition
58%
ユニット 雪月花 SILENT VOICES
58%
ユニット Adhara 覚醒 sinfonia
58%
ソロ 道後泉海(CV.篠田みなみ) うぇるかむ to ONSEN!!
58%
ソロ 下呂美月(CV.佐伯伊織) TSUBASA AWAKENING
58%
ユニット SPRiNGS 粉雪フレンズ
50%
ユニット SPRiNGS 湯夢色バトン
50%
ユニット OH YOU LADY? ぽかぽか音頭
50%
ソロ 雲仙伊乃里(CV.奥野香耶) 祈りは風のように
50%
ソロ 祖谷メグリ(CV.長久友紀) トキメキアドベンチャー!
50%
ソロ 有馬輪花(CV.本宮佳奈) 進化形ミライ
50%
ソロ 秋保那菜子(CV.高橋花林) 恋の詩より恋だっちゃ?
50%
ソロ 箱根彩耶(CV.長江里加) Road to Shine
50%
ユニット LUSH STAR☆ 恋と名付けたもの
42%
ソロ 伊香保葉凪(CV.茜屋日海夏) わたしオトナ化プラン♪
42%
ソロ 阿蘇ほむら(CV.髙橋麻里)飯坂真尋(CV.吉岡茉祐) 人吉青井(CV.青山吉能) 追伸、ありがとう
42%
ユニット OH YOU LADY? レイニーボーイフレンド
33%
ソロ 下呂美月(CV.佐伯伊織) 咲かせよ 沸かせよ バンバンBURN!
33%
ユニット SPRiNGS Hop Step Jump!
33%
No matching quizzes found
Score Distribution
Percent of People with Each Score
Percentile by Number Answered
Your Score History
You have not taken this quiz